El lenguaje clásico de la arquitectura: de J. B. Alberti a Le Cobusier
Guardat en:
| Autor principal: | |
|---|---|
| Format: | Llibre |
| Idioma: | espanyol |
| Publicat: |
Barcelona
Gustavo Gili
1974
|
| Col·lecció: | Colección Arquitectura y Crítica
|
| Matèries: | |
| Etiquetes: |
Afegir etiqueta
Sense etiquetes, Sigues el primer a etiquetar aquest registre!
|
MARC
| LEADER | 00000nam a2200000 a 4500 | ||
|---|---|---|---|
| 001 | UCT1751 | ||
| 003 | CL-VaPUC | ||
| 008 | 961004e19740000SP |||||||||||||||||spa|d | ||
| 082 | 0 | 4 | |a 720.9 |b SUM |2 21 |
| 100 | 0 | |a Summerson, John |e author |9 370815 | |
| 245 | 1 | 3 | |a El lenguaje clásico de la arquitectura: de J. B. Alberti a Le Cobusier |
| 300 | |a 154 p | ||
| 942 | |c BK | ||
| 945 | |d 19961004 00:00:00 |a rleighto | ||
| 260 | |a Barcelona |b Gustavo Gili |c 1974 | ||
| 650 | 0 | |a Arquitectura |9 804558 | |
| 650 | 7 | |a CLASICISMO |2 CL-VaPUC |9 268682 | |
| 650 | 0 | |a Gramática |9 270497 | |
| 650 | 0 | |a Antigüedad |9 335267 | |
| 650 | 0 | |a Lingüística |9 265068 | |
| 650 | 0 | |a Barroco |9 338027 | |
| 650 | 0 | |a Modernismo |9 267987 | |
| 583 | |a last modification |c 19961004 00:00:00 |k Rodrigo Vera | ||
| 490 | 0 | |a Colección Arquitectura y Crítica | |
| 999 | |c 252202 |d 252200 | ||
| 952 | |0 0 |1 0 |4 0 |6 720_900000000000000_SUM_1974 |7 0 |8 A |9 271935 |a BIBARQ |b BIBARQ |d 2019-11-19 |i 3236307 |o 720.9 SUM 1974 |p 3236307 |r 2025-01-20 |w 2019-11-19 |y BK |k ARQ | ||